000 00542nam a2200193 i 4500
001 bg
100 1 _aHAENSCH, Gunther
245 0 _aWörterbuch der Biologie :
_bEnglisch-Deutsch-Französisch-Spanisch /
_cvon Gunther Haensch, Anton Gisela de Haberkamp.
260 _aMünchen :
_bVerlagsgeselschaft,
_c1976.
300 _aXII, 483 s.
650 9 _aBiologia
655 _aSłowniki
700 1 _aHABERKAMP, Anton Gisela
040 _cBPK
041 _apol
080 _a57
942 _cKS
008 s pl f |000 0 pol
999 _c27804
_d27804
856 _uhttp://koha.tu.koszalin.pl/cgi-bin/koha/opac-detail.pl?biblionumber=27804
_yKatalog online BPK